LEADER 01633nam0 22003613i 450 001 CFI0192829 005 20251003044132.0 010 $a8815023720 100 $a20111025d1989 ||||0itac50 ba 101 | $aita 102 $ait 181 1$6z01$ai $bxxxe 182 1$6z01$an 183 1$6z01$anc$2RDAcarrier 200 1 $aˆLa ‰questione tributaria$eanalisi e proposte$fa cura di Antonio Pedone 210 $aBologna$cIl mulino$d1989 215 $a470 p.$d22 cm. 225 | $aStudi e ricerche$v267 410 0$1001CFI0001423$12001 $aStudi e ricerche$v267 676 $a336.2$9TASSE E TASSAZIONE$v12 676 $a336.200945$9TASSE E TASSAZIONE. ITALIA$v21 676 $a343.4504$9DIRITTO TRIBUTARIO. ITALIA$v21 676 $a343.450420269$9DIRITTO TRIBUTARIO. ACCERTAMENTO E RISCOSSIONE DI TRIBUTI. ITALIA. Tribunali e procedura$v23 702 1$aPedone$b, Antonio$3CFIV020989 801 3$aIT$bIT-000000$c20111025 850 $aIT-BN0095 $aIT-NA0452 901 $bNAP IS$cISFSE $nSezione di materie economiche e sociali dell' ex Istituto sulle strutture finanziarie e lo sviluppo economico 901 $bNAP 01$cPOZZO LIB.$nVi sono collocati fondi di economia, periodici di ingegneria e scienze, periodici di economia e statistica e altri fondi comprendenti documenti di economia pervenuti in dono. 912 $aCFI0192829 950 0$aBiblioteca Centralizzata di Ateneo$c1 v.$d 01POZZO LIB.ECON MON 6363$e 0101 0070045915E VMA 1 v.$fB $h20220713$i20220713 977 $a 01$a IS 996 $aQuestione tributaria$960095 997 $aUNISANNIO LEADER 02241oas 2200925 a 450 001 9910630700603321 005 20251105213014.0 011 $a1099-1646 035 $a(DE-599)ZDB2074114-5 035 $a(DE-599)1478088-4 035 $a(OCoLC)43011645 035 $a(CONSER) 2001212282 035 $a(CKB)954925553386 035 $a(EXLCZ)99954925553386 100 $a19990326b19872001 sy a 101 0 $aeng 135 $aurcn||||||||| 181 $ctxt$2rdacontent 182 $cc$2rdamedia 183 $acr$2rdacarrier 200 10$aRegulated rivers 210 $a[New York] $c[Wiley & Sons]$d[-©2001] 215 $a1 online resource 311 08$a0886-9375 517 3 $aRegulated rivers: research & management 517 3 $aRegulated rivers: research and management 531 0 $aRegul. rivers 606 $aRivers$xRegulation$vPeriodicals 606 $aCours d'eau$xRe?gularisation$vPe?riodiques 606 $aRivers$xRegulation$2fast$3(OCoLC)fst01098337 606 $aCursos d'aigua$2thub 606 $aHidrologia$2thub 606 $aQualitat de l'aigua$2thub 608 $aPeriodicals.$2fast 608 $aPeriodicals.$2lcgft 608 $aRevistes electròniques.$2thub 615 0$aRivers$xRegulation 615 6$aCours d'eau$xRe?gularisation 615 7$aRivers$xRegulation. 615 7$aCursos d'aigua. 615 7$aHidrologia. 615 7$aQualitat de l'aigua. 676 $a627 801 0$bIdU 801 1$bNTD 801 2$bNSD 801 2$bOCLCQ 801 2$bRBN 801 2$bDLC 801 2$bMYG 801 2$bOCLCQ 801 2$bMUQ 801 2$bOCLCQ 801 2$bMYG 801 2$bOCLCF 801 2$bVT2 801 2$bOCLCQ 801 2$bAU@ 801 2$bOCLCQ 801 2$bU3W 801 2$bNJT 801 2$bSFB 801 2$bCNMTR 801 2$bVLY 801 2$bBWN 801 2$bQGK 801 2$bOCLCO 801 2$bORE 801 2$bUBY 801 2$bDLC 801 2$bOCLCQ 801 2$bUAB 801 2$bSMC 801 2$bOCLCL 801 2$bSXB 801 2$bOCLCQ 906 $aJOURNAL 912 $a9910630700603321 996 $aRegulated rivers$92156670 997 $aUNINA